BIBLIOTHÈQUE DE LA MAISON DU MEXIQUE

Logo 1 Logo 2

El desciframiento de los glifos mayas (notice nᵒ 5832)

détails MARC
000 -Sello discográfico
campo de control de longitud fija 01267nam0a2200373 4500
005 - Identificación de versión
campo de control 20251016084530.0
010 ## - Número Estándar Internacional de Libros (ISBN)
Número (ISBN) 968-16-4462-X
035 ## - Otros números de control del sistema
Número de control del sistema 1726
099 ## - fechas locales
Tipo de ítem Koha LIBRO
100 ## - Datos de procesamiento general
Datos de procesamiento general 20120718d20012000m y0spay5003 ba
101 1# - Idioma del recurso
Idioma del texto, banda sonora, etc. Español; Castellano
Idioma de la obra original Inglés
105 ## - Campo de datos codificados: Material textual, monográfico
Datos codificados de monografía a 001zy
200 1# - Título y mención de responsabilidad
Título propio El desciframiento de los glifos mayas
Designación general del material texto impreso
Primer mención de responsabilidad Michael D. Coe
Declaración de responsabilidad subsiguiente traducción Jorge Ferreiro
205 ## - Declaración de edición
Declaración de edición 3a y 4a reimpr de la 1a ed en español
210 ## - Publicación, distribución, etc.
Lugar de publicación, distribución, etc. México
Nombre del editor, distribuidor, etc. Fondo de Cultura Económica
Fecha de publicación, distribución, etc. 2000, 2001
215 ## - Descripción física
Designación de material específico y extensión del ítem 333 p
Otras características físicas il., fot.
Dimensiones 23 cm
300 ## - Notas generales
Texto de la nota Traducción de : Breaking the Maya Code
320 ## - Nota de índices/bibliografías internas
Texto de la nota Incluye bibliografía: p.309-324 e índice analítico
327 1# - Nota de contenidos
Texto de la nota Con 112 ilustraciones
345 ## - Nota de información de adquisición
Fuente de adquisición/dirección de la suscripción [OBSOLETO] Donación
410 #1 - Series
Título Sección de Obras de Antropología
606 ## - Término temático usado como materia
Elemento de entrada Arte maya
Número Koha 4267
606 ## - Término temático usado como materia
Elemento de entrada Caligrafía maya
Número Koha 5480
606 ## - Término temático usado como materia
Elemento de entrada Escritura maya
Número Koha 5481
700 ## - Nombre personal - Responsabilidad primaria
Elemento de entrada Coe
Parte del nombre distinta del elemento de entrada Michael Douglas
Fechas 1929-
Número Koha 11206
702 ## - Nombre personal - Responsabilidad secundaria
Elemento de entrada Ferreiro Santana
Parte del nombre distinta del elemento de entrada Jorge
Fechas 1900-
Número Koha 2323
801 #0 - Fuente de origen
País FR
Agencia cm
Reglas de catalogación (convenciones descriptivas) AFNOR
900 ## -
-- 1/21383
942 ## - ELEMENTOS DE ENTRADA SECUNDARIOS (KOHA)
Tipo de ítem Koha Livre
996 ## -
-- MEX
-- 751145101
-- MMAG
-- 003179
-- 972.81 C672DE
-- 20120718LIV
996 ## -
-- MEX
-- 751145101
-- MMAG
-- 006318
-- 972.81 C672DES
-- 20220407LIV
Exemplaires
Estatus retirado Estado de daño Estado de pérdida Fecha de adquisición Biblioteca de origen Biblioteca actual Ubicación en estantería Código de barras Precio de reemplazo Signatura topográfica completa No para préstamo Tipo de ítem Koha Nota pública Nota no pública
      05/08/2025 Casa México Paris Casa México Paris   003179 05/08/2025 972.81 C672DE   Livre 20120718LIV 751145101